000 00686nam a2200253 a 4500
001 52157
003 BD-RJUL
005 20211209075748.0
008 500101s1969 enkabdf b 001 0 eng d
020 _a071315425X
035 _a(BD-RjUL)52277
040 _aBD-RjUL
_beng
_cBD-RjUL
_dBD-RjUL
041 _aeng
082 _223
_a526.8
_bDIM 1969
100 1 _aDickinson, G. C.
_9156017
245 1 0 _aMaps and air photographs /
_cG.C. Dickinson.
260 _aLondon :
_bEdward Arnold,
_cc1969.
300 _axi, 286 p. :
_bIll. ;
_c26 cm.
500 _aInclude index
650 0 _aMaps.
_9156018
650 0 _aAerial photography.
_9144698
942 _2ddc
_cBK
999 _c52157
_d52157